How to overcome fear : (Record no. 124733)

MARC details
000 -LEADER
fixed length control field 00762nam a22002177a 4500
005 - DATE AND TIME OF LATEST TRANSACTION
control field 20170124105943.0
010 ## - LIBRARY OF CONGRESS CONTROL NUMBER
LC control number A-861939
020 ## - INTERNATIONAL STANDARD BOOK NUMBER
Terms of availability 24.00
035 ## - SYSTEM CONTROL NUMBER
System control number A-861939
037 ## - SOURCE OF ACQUISITION
Source of stock number/acquisition Cen Lib/Ret
040 ## - CATALOGING SOURCE
Original cataloging agency DPL
Language of cataloging EN
082 ## - DEWEY DECIMAL CLASSIFICATION NUMBER
Classification number 302.17
Item number GUP
100 ## - MAIN ENTRY--PERSONAL NAME
Personal name Gupta, M. K
9 (RLIN) 11773
245 ## - TITLE STATEMENT
Title How to overcome fear :
Statement of responsibility, etc by M. K. Gupta
Remainder of title tips for removing fear, anxieties, worries, nervousness and phobia /
260 ## - PUBLICATION, DISTRIBUTION, ETC. (IMPRINT)
Place of publication, distribution, etc Delhi
Name of publisher, distributor, etc Pustak Mahal
270 ## - ADDRESS
Address 6686, Khari Baoli
City Delhi
Postal code 110006
300 ## - PHYSICAL DESCRIPTION
Extent 80p. :
Dimensions 21cm(Hb)
Other physical details ill
650 ## - SUBJECT ADDED ENTRY--TOPICAL TERM
Topical term or geographic name as entry element Physiological reaction of fear
9 (RLIN) 11774
650 ## - SUBJECT ADDED ENTRY--TOPICAL TERM
Topical term or geographic name as entry element Behavioural responses of fear
9 (RLIN) 11775
942 ## - ADDED ENTRY ELEMENTS (KOHA)
Source of classification or shelving scheme Dewey Decimal Classification
Koha item type English Books
Classification part 302.17
Call number suffix GUP
Holdings
Withdrawn status Lost status Damaged status Not for loan Home library Current library Date acquired Source of acquisition Cost, normal purchase price Total Checkouts Full call number Barcode Date last seen Copy number Cost, replacement price Price effective from Koha item type Public note
Written off       Central Library Central Library 18/06/2015 Cen Lib/Ret 24.00   302.17 GUP A-861939 18/06/2015 1 24.00 18/06/2015 English Books W/d List No. 6845/15 : dtd 9/7/20

© Delhi Public Library
Hit Counter
free hit counter